Żużlowcy na każdą literę alfabetu - Statystyki

Ogólne statystyki
  • Ten quiz został rozwiązany 54 razy
  • Średni wynik to 5 z 23
Statystyki odpowiedzi
Hint Odpowiedź % Poprawnych
Z Tate Zischke, Matej Zagar, Grzegorz Zengota, Bartosz Zmarzlik
84%
P Jan Przanowski, James Pearson, Kacper Pludra, Bastian Pedersen, Nazar Parnicki, Joshua Pickering, Mathias Pollestad, Paweł Przedpełski, Oskar Paluch, Nicki Pedersen, Wiktor Przyjemski, Piotr Pawlicki, Przemysław Pawlicki
44%
Ł Kacper Łobodziński, Aleksandr Łoktajev, Artem Łaguta
36%
V Martin Vaculik
33%
D Mikołaj Duchiński, Ryan Douglas, Maksym Drabik, Jason Doyle, Patryk Dudek
33%
W Michael West, Kuba Wojtyńka, Kacper Warduliński, Kamil Winkler, Grzegorz Walasek, Patryk Wojdyło, Szymon Woźniak, Kacper Woryna
31%
A Mikkel Andersen, Kacper Andrzejewski
31%
H Patrick Hyjek, Oskar Hurysz, Philip Hellstrom Bangs, Nicolai Heiselberg, Kacper Halkiewicz, Jan Heleniak, Kai Huckenbeck, Chris Holder, Mads Hansen, Jarosław Hampel, Jack Holder
31%
K Roman Kapustin, Radosław Kowalski, Mikołaj Krok, Filip Kumaszka, Emil Konieczny, Marcel Kowolik, Jesper Knudsen, Jonas Knudsen, Franciszek Karczewski, Antoni Kawczyński, Norbert Krakowiak, Nicolai Klindt, Janusz Kołodziej, Jan Kvech, Jakub Krawczyk, Bartłomiej Kowalski, Dominik Kubera, Brady Kurtz
27%
B Fraser Bowes, Emil Breum, Adam Bednar, Bartosz Bańbor, Benjamin Basso, Kenneth Bjerre, Dimitri Berge, Tom Brennan, Oliver Berntzon, Norick Bloedorn, David Bellego, Olivier Buszkiewicz, Mateusz Bartkowiak, Szymon Bańdur, Dan Bewley, Maksym Borowiak, Marcus Birkemose, Luke Becker, Krzysztof Buczkowski
24%
M Damian Miller, Nikodem Mikołajczyk, Mitchel McDiarmid, Ernest Matjuszonoks, Antoni Mencel, Kacper Mania, Kevin Małkiewicz, Emil Maroszek, Franciszek Majewski, Sebastian Madej, Tobiasz Jakub Musielak, Vaclav Milik, Tobiasz Musielak, Jakub Miśkowiak, Leon Madsen, Mikkel Michelsen
22%
J Marcel Juskowiak, Kevin Juhl Pedersen, Hubert Jabłoński, Bartosz Jaworski, Jakub Jamróg, Frederik Jakobsen, Rasmus Jensen, Maciej Janowski, Michael Jepsen Jensen
22%
L Szymon Ludwiczak, Krzysztof Lewandowski, Wiktor Lampart, Marko Levishyn, Andreas Lyager, Timo Lahti, Andrzej Lebiedev, Jaimon Lidsey, Robert Lambert, Fredrik Lindgren
16%
F Damir Filiminov, Eryk Farański, Oskar Fajfer, Max Fricke
13%
Ś Bartosz Śmigielski, Piotr Świercz
7%
S Kacper Szarszewski, Leon Szlegiel, Krzysztof Sadurski, Szymon Szlauderbach, Filip Seniuk, Sebastian Szostak, Mateusz Szczepaniak, Paweł Sitek, Bartosz Smektała, Emil Sajfutdinow
7%
N Villads Nagel, Bartosz Nowak, Marcin Nowak, Matias Nielsen
7%
R Bartosz Rudolf, Dawid Rozpędek, Oskar Rumiński, Damian Ratajczak, Wiktor Rafalski, Keynan Rew
4%
T Kacper Tkocz, Paweł Trześniewski, Kacper Teska, Jacob Thorssell, Vadim Tarasenko, Anders Thomsen, Rohan Tungate
4%
O Seweryn Orgacki
4%
E William Echardt Drejer
4%
C Zach Cook, Ben Cook, Mateusz Cierniak, Gleb Chugunov, Oskar Chatłas, Michał Curzytek, Robert Chmiel, Alan Ciurzyński
2%
G Hubert Gibki, Dawid Grzeszczyk, Krystian Gręda, Kacper Grzelak, Francis Gusts, Anże Grmek
0%
Nie znaleziono quizów pasujących do podanych kryteriów
Rozkład punktacji
Procent ludzi z każdym wynikiem
Percentyl według liczby udzielonych odpowiedzi
Twoja historia wyników
Nie rozwiązałeś tego quizu